000 00344pam a2200157a 44500
008 230515b1980 xxu||||| |||| 00| 0 eng d
020 _aNULL
041 _aENGL
082 _a621.380412/ COT.
100 _aCOTTAN H
245 _aELECTRICAL TECHNOLOGY
250 _a7
260 _aNULL
_bC.B.S
_c1980
300 _a864 PB
650 _aNULL
999 _c618342
_d618342